| 000 | 00580nam a2200229 a 4500 | ||
|---|---|---|---|
| 999 |
_c4270 _d4270 |
||
| 001 | 4270 | ||
| 003 | BD-JhCC | ||
| 005 | 20171127104517.0 | ||
| 008 | 171119s1965 uk |||| ||a| 000 0 eng d | ||
| 035 | _a(BD-JhCC) | ||
| 040 |
_aBD-JhCC _dBD-JhCC |
||
| 041 | _aeng | ||
| 082 |
_a823.914 _bSIL 1965 |
||
| 100 | _aAinsworth, Ruth | ||
| 245 |
_aSilly Billy / _cRuth Ainsworth and Ronald Ridout |
||
| 260 |
_aLondon : _bBanscroft & Co Ltd, _c1965 |
||
| 300 |
_a20 p. : _c20 cm. |
||
| 490 | _aBlue Book 4 | ||
| 650 | _aEnglish Stories | ||
| 700 | _aRidout, Ronald | ||
| 942 |
_2ddc _cBK |
||